| 000 | 01211nam a22003017a 4500 | ||
|---|---|---|---|
| 001 | 6327 | ||
| 003 | FISKH | ||
| 005 | 20250422121952.0 | ||
| 008 | 250422b cb ||||| |||| 00| 0 eng d | ||
| 020 | _a9780545066952 | ||
| 040 |
_aFISKH _beng _cFISKH _dFISKH |
||
| 050 | _aQL114 .B38 | ||
| 082 | _a591.76809758752 | ||
| 100 | _aBateman, Donna M. | ||
| 245 |
_aDeep in the swamp / _cBy Donna M.Bateman : Illustrated by Brian Lies |
||
| 250 | _aFirst Scholastic printing , April 2008 | ||
| 260 |
_aNew York : _bScholastic , _c2007. |
||
| 300 |
_a32 unnumbered pages : _bcolor illustrations, maps ; _c23 * 23 cm . |
||
| 505 | _aX | ||
| 520 | _aCount from 1 otter pup to 10 baby crayfish as readers learn about the special relationships of baby and mom mammals, reptiles, birds, and insects that make their home in the Okefenokee Swamp. A helpful guide to swamp flora and fauna is included. Modeled after the song "Over in the Meadow" by Olive A. Wadsworth. | ||
| 521 | 8 |
_a890
_bLexile |
|
| 521 | 8 |
_aX
_bRaz-Plus |
|
| 650 |
_aOkefenokee Swamp _vNon-fiction |
||
| 650 |
_aOver in the Meadow _vNon-fiction |
||
| 700 |
_aLies, Brian _eIllustrator |
||
| 942 |
_2ddc _cBK _n0 |
||
| 999 |
_c6327 _d6327 |
||